zpět

Detail výsledku týmu

Chicago Bar & Grill ČT, Liberec

Datum a čas kvízu

33.5 Celkem bodů Celkový počet nahraných bodů na tomto kvízu bez doplňovacích otázek.
3. Pořadí na kvízu Konečné umístění týmu na tomto kvízu.

Zaznamenané odpovědi

# Otázka Odpověď Body Výsledky
1. Andrej Babiš byl dle očekávání... jeden 1
2. Záchranáři v úterý ráno pomocí... Rakousko, Grossglockner 1
3. Jak se nazývá kapela, kterou p... 4TET 1
4. Která automobilka získala s je... Mercedes 1
5. Který útočník minulý týden dok... Martin Nečas. 0
6. Vítězné téma facebookového hla... 1D 2C 3A 4B 1
7. Dne 4. ledna 1997 došlo ke sňa... Havel, Veškrnová 1
8. Říká vám něco jméno herečky Šá... Irenka (Irena) 0
9. Kolik tlačítek má na své předn... tři 0
10. Ke kterému městu se v souvislo... Vsetín 1